000 01334nam0a22002651 4500
001 rc\776412
005 20040301143136.1
035 _a(NLR Aleph) 006302568
090 _a7266909
_c7266909
100 _a20040301d1984 u |0rusy50 ca
101 0 _arus
102 _aRU
105 _aa |||||||||
200 1 _aСпециальные шасси для стреловых самоходных кранов
_f[Кандидаты техн. наук В.С. Анисимов, Л.В. Зайцев]
210 _aМ.
_cЦНИИТЭИстроймаш
_d1984
215 _a52 с.
_cил.
_d21
225 1 _aСтроительное, дорожное и коммунальное машиностроение
_hСерия 1
_iЭкскаваторы и стреловые краны
_eОбзор. информ.
_fЦНИИ информ. и техн.-экон. исслед. по строит., дор. и коммун. машиностроению
_vВып. 1
300 _aВ надзаг. также: М-во строит., дор. и коммун. машиностроения
700 1 _aАнисимов
_bВ. С.
_gВячеслав Сергеевич
701 1 _aЗайцев
_bЛ. В.
_gЛеонид Владимирович
801 0 _aRU
_bNLR
_gpsbo
801 1 _aRU
_bELAR
_2rusmarc
852 _aNLR
_jП10/5674
942 _cBOOK
980 _aNB